000 00523nam a2200145 a 4500
008 120416s1966 ||||||||||||||||| || u
050 _aTH 6021 And
100 _aAndrews, F. T
245 1 0 _aThe architect's guide to mechanical systems
260 _aNew York:
_bReinhold
_c1966
300 _aviii, 247p. : ill.
350 _a0.00
650 _aARCHITECTURAL DESIGN--EVALUATION
995 _D0.00
_FCBU-MAIN LIBRARY (Kitwe)
_H1
_I7.00
_UDAMAGED
_ZMain Library Open Access Collection
999 _c34724
_d34724